| 000 | 01103nam a2200301 i 4500 | ||
|---|---|---|---|
| 001 | bg | ||
| 003 | KOSZ 005 | ||
| 005 | 20240405063001.0 | ||
| 008 | 071122s1966 pl a f 000 0 pol | ||
| 015 | _aPB 1966/9563 | ||
| 040 |
_aWA N _cKOSZ 005/RW _dKOSZ 005/RW |
||
| 041 | 1 |
_apol _heng |
|
| 080 | _a53 | ||
| 100 | 1 |
_aBlackett, P. M. S. _d(1897-1974). |
|
| 245 | 0 | 0 |
_aFizyka lat ostatnich / _cBlackett [et al.] ; red. S. K. Runcorn ; [z ang. tł. Zbigniew Majewski]. |
| 246 | 1 |
_iTyt. oryg.: _aPhysics in the sixties. |
|
| 260 |
_aWarszawa : _bPaństwowe Wydawnictwo Naukowe, _c1966. |
||
| 300 |
_a167, [1] s., [3] s. tabl. : _bil., mapy ; _c18 cm. |
||
| 380 | _aKsiążki. | ||
| 650 | 4 |
_aFizyka _xhistoria _y20 w. |
|
| 648 | 4 | _a1901-2000 | |
| 700 | 1 |
_aBlackett, P. M. S. _d(1897-1974) |
|
| 700 | 1 |
_aRuncorn, S. K. _eRed. |
|
| 700 | 1 |
_aMajewski, Zbigniew _c(tłumacz). _eTł. |
|
| 710 | 2 |
_aPaństwowe Wydawnictwo Naukowe _4pbl. |
|
| 856 |
_uhttp://koha.tu.koszalin.pl/cgi-bin/koha/opac-detail.pl?biblionumber=9389 _yKatalog online BPK |
||
| 942 |
_2UKD _cKS |
||
| 999 |
_c9389 _d9389 |
||